Top 30 : La Mano 1.9 - Statistiques

Statistiques générales
  • Ce quiz a été pris 262 fois
  • Le résultat moyen est 15 sur 30
Statistiques - réponses
Top Titres Featuring % Correct
1 PARISIENNE GIMS
96%
5 Canon Niska
90%
2 EL GEMANO Genezio
71%
7 G.A.N.G Tiakola, Niska
71%
16 Jump L2B, iDS
70%
10 No stress DVM, Favé
70%
15 Crime ensoleillé Tiakola
69%
6 Un monde à l'autre GP Explorer, GIMS, SCH
68%
11 LA QUOI ? Nono La Grinta
65%
3 I'm Sorry
63%
9 Jerrican Guy2Bezbar
63%
4 Sexy Woman
61%
13 POP Gazo
59%
18 SWAT SDM
58%
12 J'coupe tout Musto
55%
8 Businessman
46%
17 LE PLAN JRK 19
43%
22 Uncut Luciano
39%
24 Hockey Zed
37%
23 ON TAPE Booska-P
37%
19 D BLOCK AFRIQUE Dinos, Jolagreen23
35%
20 Enlève tes pes-sa Leto, JKSN, Kaaris
35%
28 STEPHANIE La Hasba22, Nono La Grinta
34%
14 Tout y est OBOY, Jozii
34%
29 Thunes GP Explorer, ElGrandeToto, Zed
33%
26 TYPE SHIT Bilouki
33%
27 Hors la loi L2B
26%
21 27.06.25 (Magie)
25%
30 Célibataire
19%
25 I DON'T LIKE
14%
Aucun quiz correspondant
Distribution des résultats
% des personnes avec chaque résultat
Percentile par nombre de réponses
Votre historique - résultats
Vous n’avez pas pris ce quiz